000 00641nam a2200217 i 4500
001 133678
003 ES-MaACL
005 20250808021907.0
007 t|
008 070824s1958 sp ||||1| spa d
100 1 _aMalaparte, Curzio.
_975687
245 1 0 _aSangre /
_cCurzio Malaparte [seud.] ; [traducción de Manuel Bosch Barret].
250 _a1ª ed.
260 _aBarcelona :
_bJosé Janés,
_c1958.
300 _a191 p. ;
_c19 cm.
490 1 _aLa vida no es sueño
700 1 _aBosch Barrett, Manuel.
_930649
830 1 3 _aLa vida no es sueño
_9181820
852 _aES-MaACL
_jC-14766
999 _c133678
_d133678